000 01306cam a22003617a 4500
003 CHAP
005 20220329140528.0
008 971013s1962 r 00010 d
010 _a53390
011 _a54362
035 _a58513
040 _cCHAP
082 _a580
_bW45
100 0 0 _aWeisz, Paul B.
_9121404
245 1 4 _aThe science of Botany
260 _aNew York :
_bMcGraw-Hill,
_c1962
300 _a562 p.
_b: ilus.
590 _aBATCH-UPD
_b10
_c20130110
_lUCH01
_h0749
590 _aBATCH-UPD
_b10
_c20130410
_lUCH01
_h0429
590 _aBATCH-UPD
_b10
_c20130914
_lUCH01
_h0733
590 _aCONVERSION
_b10
_c20130109
_lUCH01
_h1329
650 1 4 _aBotánica.
_914477
700 0 _aFuller, Melvin S.
_943938
901 _aBK
942 _cLIBRO
949 _a580 W45
_bBC
_cLIBRO
_d33724000240495
_eLIBRO
_fc.3
_h26707
_i58513
_si
949 _a580 W45
_bBC
_cLIBRO
_d33724000240503
_eLIBRO
_fc.2
_h26706
_i58513
_si
949 _a580 W45
_bBC
_cLIBRO
_d33724000240511
_eLIBRO
_h26705
_i58513
_si
949 _a580 W45
_bBC
_cLIBRO
_d33724000518734
_eLIBRO
_fc.4
_h26708
_i58513
_si
949 _a580 W45
_bBC
_cLIBRO
_d33724000518742
_eLIBRO
_fc.5
_h26709
_i58513
_si
949 _a580 W45
_bBC
_cLIBRO
_d33724000518759
_eLIBRO
_fc.6
_h26710
_i58513
_si
949 _a580 W45
_bBC
_cLIBRO
_d33724000518783
_eLIBRO
_fc.7
_h12580
_i58513
_si
999 _c53390
_d53390